00691nam a2200157Ia 4500003000900000008004100009040001600050100002200066245027900088260005600367300001500423650002600438650002400464650002200488700002300510IN-BaIIA211028s9999 xx 000 0 eng d cIIA Library aSakurai, Takayuki 0aRadioastronomical measurements of plasma characteristics of the solar corona and the solar windba thesis submitted in partial fulfillment of the requirements for the doctor of philosophy degree in physics in the graduate college of the University of IowacTakayuki Sakurai  aU.S.AbUniversity of Microfilms Internationalc1993 axiv, 194p. aRadioastronomy-Theses aSolar corona-Theses aSolar wind-Theses aSteven R. Spangler